One expert or two? (Record no. 70533)

MARC details
000 -LEADER
fixed length control field 00839cam a2200193 4500
001 - CONTROL NUMBER
control field X118478
008 - FIXED-LENGTH DATA ELEMENTS--GENERAL INFORMATION
fixed length control field 020620n2002 000 0 eng u
035 ## - SYSTEM CONTROL NUMBER
System control number (Sirsi) u118478
100 ## - MAIN ENTRY--PERSONAL NAME
Personal name Sanghera, P
245 ## - TITLE STATEMENT
Title One expert or two?
260 ## - PUBLICATION, DISTRIBUTION, ETC.
Date of publication, distribution, etc. 2002
490 ## - SERIES STATEMENT
Series statement Law Society's Gazette
Volume/sequential designation 99(09) 28 February 2002, 33(1)
520 ## - SUMMARY, ETC.
Summary, etc. Outlines when to apply for separate experts rather than using a single joint expert. Explains factors to be taken into account when making an application to instruct a separate expert. Highlights codes of practice available for experts and encourages their use. Concludes by setting out five key points to consider when dealing with experts.
650 ## - SUBJECT ADDED ENTRY--TOPICAL TERM
Topical term or geographic name entry element EXPERT WITNESSES
650 ## - SUBJECT ADDED ENTRY--TOPICAL TERM
Topical term or geographic name entry element EXPERT EVIDENCE
650 ## - SUBJECT ADDED ENTRY--TOPICAL TERM
Topical term or geographic name entry element CIVIL PROCEDURE RULES 1998
690 ## - LOCAL SUBJECT ADDED ENTRY--TOPICAL TERM (OCLC, RLIN)
Topical term or geographic name as entry element Dispute resolution
9 (RLIN) 6236
942 ## - ADDED ENTRY ELEMENTS (KOHA)
Suppress in OPAC 0
Holdings
Withdrawn status Lost status Source of classification or shelving scheme Damaged status Not for loan Home library Current library Shelving location Date acquired Total Checkouts Barcode Date last seen Copy number Price effective from Koha item type
    Dewey Decimal Classification     London London Journal article 20/06/2002   118478-1001 06/08/2019 1 06/08/2019 Journal article